000 00726nam a2200241Ia 4500
003 OSt
005 20220926001059.0
006 a|||||r|||| 00| 0
007 ta
008 220923b |||||||| |||| 00| 0 eng d
037 _cGeneral Book
040 _aRTL
_cRTL
_beng
041 _2eng
_aeng
082 _aX9:979C.212.N7, M0
100 _aRaj Ramachandra G.
_9303414
245 0 _aIndustrial conflict
_b A study of industrial confli
260 _a New Delhi
_bLife & Light Publication India
_c1980
300 _a168p.
_ccm.
500 _aBib. p. 157-60, Appendix p. 135-55
650 _aDisputes
942 _hX9:979C.212.N7, M0
_cGB
_2CC
999 _c600379
_d600379